00373pab a2200145 454500008004000000100001600040245005300056260000900109300001300118362001100131650001600142700001500158700002000173773003400193180718b2008 xxu||||| |||| 00| 0 eng d aVijay Kumar aOrganised food retailing: a blessing or a curse? c2008 ap.67-75. a17 May aFood supply aAyush H.N. aPatwari, Yogesh aEconomic and Political Weekly